Normal view
MARC view
- Fischer, Jerry M
Entry Personal Name
001 - CONTROL NUMBER
- control field: 67935
003 - CONTROL NUMBER IDENTIFIER
- control field: NUST
005 - DATE AND TIME OF LATEST TRANSACTION
- control field: 20210628203936.0
008 - FIXED-LENGTH DATA ELEMENTS
- fixed length control field: 210628|| aca||aabn | a|a d
040 ## - CATALOGING SOURCE
- Original cataloging agency: NUST
- Transcribing agency: NUST
100 ## - HEADING--PERSONAL NAME
- Personal name: Fischer, Jerry M
670 ## - SOURCE DATA FOUND
- Source citation: Work cat.: (NUST): Fischer, Jerry M, Handbook of molded part shrinkage and warpage, 2003
